header

Inland navigation system planning (Record no. 28553)

MARC details
000 -LEADER
fixed length control field 01639nam a2200289Ia 4500
245 10 - TITLE STATEMENT
Title Inland navigation system planning
260 ## - PUBLICATION, DISTRIBUTION, ETC. (IMPRINT)
Place of publication Washington, D.C. :
Name of publisher National Academy Press,
Year of publication c2001.
300 ## - PHYSICAL DESCRIPTION
Number of Pages xiv, 115 p. :
Other physical details ill., map.
500 ## - GENERAL NOTE
General note "Support for this project was provided by the Department of the Army under Contract No. DASW01-00-C-3017."--T.p. verso.
650 #0 - SUBJECT ADDED ENTRY--TOPICAL TERM
Topical Term Inland navigation
Topical Term Inland water transportation
856 40 - ELECTRONIC LOCATION AND ACCESS
Uniform Resource Identifier http://site.ebrary.com/lib/rucke/Doc?id=10068510

No items available.

© 2026 Rongo University
Contact us: librarian | system librarian | Rongo university